| 000 | 00399nam a2200157 a 4500 | ||
|---|---|---|---|
| 005 | 20260322212016.0 | ||
| 008 | data | ||
| 010 | _a70-168320 | ||
| 090 | _aE 99 .H7 C64 | ||
| 100 | 1 |
_aCourlander, Harold, _d1908- |
|
| 245 | 1 | 4 |
_aThe fourth world of the Hopis/ _cHarold Courlander. |
| 260 |
_aNew York _bCrown Publishers _cp1971 |
||
| 300 |
_a239 p. : _b ill. |
||
| 650 | 4 |
_aHopi Indians _xhistory |
|
| 001 | data | ||
| 999 |
_c344 _d344 |
||